| 000 | 00507nam a2200169Ia 4500 | ||
|---|---|---|---|
| 008 | 160114s9999 xx 000 0 und d | ||
| 020 | _a0-590216872 | ||
| 050 | _aFic | ||
| 050 | _b.Ar757n 1997 | ||
| 100 | _aArnold, Nick. | ||
| 245 |
_aNasty nature / _cby Nick Arnold ; illustrated by Tony De Saulles. |
||
| 260 |
_aUK _bScholastic Ltd. _c1997 |
||
| 300 |
_a159 pages; _billustrations ; _c20 cm. |
||
| 440 | _aHorrible science. | ||
| 650 | _aAnimals -- Miscellanea -- | ||
| 650 | _xJuvenile literature. | ||
| 999 |
_c290358 _d290358 |
||